UEFA Euro 2024 : tableau de la phase finale - Statistiques

Statistiques générales
  • Ce quiz a été pris 148 fois
    72 depuis la dernière actualisation
  • Le résultat moyen est 13 sur 24
Statistiques - réponses
Pays % Correct
🇪🇸Espagne
95%
🇫🇷France
81%
🇪🇸Espagne
72%
🇫🇷France
70%
🇩🇪Allemagne
68%
🇧🇪Belgique
67%
🇵🇹Portugal
67%
🏴󠁧󠁢󠁥󠁮󠁧󠁿Angleterre
65%
🇩🇪Allemagne
63%
🇬🇪Géorgie
60%
🇵🇹Portugal
60%
🏴󠁧󠁢󠁥󠁮󠁧󠁿Angleterre
53%
🇮🇹Italie
51%
🇸🇮Slovénie
51%
🇳🇱Pays-Bas
49%
🇨🇭Suisse
49%
🇩🇰Danemark
44%
🇳🇱Pays-Bas
40%
🇹🇷Turquie
40%
🇦🇹Autriche
39%
🇸🇰Slovaquie
37%
🇹🇷Turquie
37%
🇷🇴Roumanie
32%
🇨🇭Suisse
2%
Aucun quiz correspondant
Distribution des résultats
% des personnes avec chaque résultat
Percentile par nombre de réponses
Votre historique - résultats
Vous n’avez pas pris ce quiz depuis la dernière actualisation